000 00378pab a2200157 454500
008 180718b2010 xxu||||| |||| 00| 0 eng d
100 _aSingh, Neeraj
245 _aA value system and code of conduct for the armed forces
260 _c2010
300 _ap.481-494.
362 _aOct-Dec
650 _aArmed forces
773 _aUSI Journal
908 _aN
909 _a91011
999 _c91011
_d91011